| 000 | 00465cam a2200193ua 4500 | ||
|---|---|---|---|
| 001 | 8163 | ||
| 008 | 150109n ii |||gr||||Z||||||hin | ||
| 040 | _cMAIN | ||
| 041 | _ahin | ||
| 082 | _a891.431 | ||
| 100 |
_aPant. S. N., _eAuthor. |
||
| 245 | 1 |
_aVigya-granthi _cBy Sumitra Nandan Pant |
|
| 250 | _a1st. | ||
| 260 |
_aDelhi: _bRajkamal, _c1972. |
||
| 300 | _a142p. | ||
| 653 | _aEast Indo-European & Celtic literatures | ||
| 653 | _aHindi poems | ||
| 942 | _cBK | ||
| 999 |
_c7278 _d7278 |
||